Manuel Gómez : (Record no. 198187)

MARC details
000 -LEADER
campo de control de longitud fija 01172nam a2200325 i 4500
001 - NÚMERO DE CONTROL
campo de control 198187
003 - IDENTIFICADOR DE NÚMERO DE CONTROL
campo de control ES-MaACL
005 - FECHA Y HORA DE LA ÚLTIMA TRANSACCIÓN
campo de control 20260527213816.0
007 - CAMPO FIJO DE DESCRIPCIÓN FÍSICA--INFORMACIÓN GENERAL
campo de control de longitud fija ta
008 - DATOS DE LONGITUD FIJA--INFORMACIÓN GENERAL
campo de control de longitud fija 260326s2023 sp a|||| |||| 001 0bspa d
020 ## - NÚMERO INTERNACIONAL ESTÁNDAR DEL LIBRO
Número Internacional Estándar del Libro 9798351832784
040 ## - FUENTE DE CATALOGACIÓN
Centro catalogador/agencia de origen ES-MaACL
Lengua de catalogación spa
Centro/agencia transcriptor ES-MaACL
Normas de descripción rda
080 ## - NÚMERO DE LA CLASIFICACIÓN DECIMAL UNIVERSAL
Número de la Clasificación Decimal Universal 929 Gómez, Manuel
100 1# - ENTRADA PRINCIPAL--NOMBRE DE PERSONA
Relación aut
-- trl
9 (RLIN) 242949
Nombre de persona Kennedy, Charlotte
Término indicativo de función/relación Autor
-- Traductor
245 10 - MENCIÓN DEL TÍTULO
Título Manuel Gómez :
Resto del título el mejor clarinetista del mundo /
Mención de responsabilidad, etc. Charlotte Kennedy
250 ## - MENCION DE EDICION
Mención de edición Primera edición: septiembre 2023
264 #1 - PRODUCCIÓN, PUBLICACIÓN, DISTRIBUCIÓN, FABRICACIÓN Y COPYRIGHT
Producción, publicación, distribución, fabricación y copyright [Madrid?] :
Nombre del de productor, editor, distribuidor, fabricante Amazon,
Fecha de producción, publicación, distribución, fabricación o copyright 2023
264 #3 - PRODUCCIÓN, PUBLICACIÓN, DISTRIBUCIÓN, FABRICACIÓN Y COPYRIGHT
Producción, publicación, distribución, fabricación y copyright Printed in Italy, Torrazza Piemonte,
Nombre del de productor, editor, distribuidor, fabricante Amazon Italia Logística,
Fecha de producción, publicación, distribución, fabricación o copyright 2023
264 #4 - PRODUCCIÓN, PUBLICACIÓN, DISTRIBUCIÓN, FABRICACIÓN Y COPYRIGHT
Producción, publicación, distribución, fabricación y copyright ©2023
300 ## - DESCRIPCIÓN FÍSICA
Extensión XXV, 355 páginas :
Otras características físicas ilustraciones (blanco y negro) ;
Dimensiones 23 cm
336 ## - TIPO DE CONTENIDO
Fuente rdacontent
Término de tipo de contenido Texto
337 ## - TIPO DE MEDIO
Fuente rdamedia
Nombre/término del tipo de medio sin mediación
338 ## - TIPO DE SOPORTE
Fuente rdacarrier
Nombre/término del tipo de soporte volumen
504 ## - NOTA DE BIBLIOGRAFÍA, ETC.
Nota de bibliografía, etc. Bibliografía: páginas 323-339. Índices
600 #4 - PUNTO DE ACCESO ADICIONAL DE MATERIA--NOMBRE DE PERSONA
9 (RLIN) 242950
Nombre de persona Gómez, Manuel
Fechas asociadas al nombre 1859-1922
852 ## - LOCALIZACIÓN
Ubicación ES-MaACL
Ubicación en estantería Depósito 1
Número de control de estantería A-16060
Donativo/Legado Donación: Charlotte Kennedy
Encuadernación Encuadernación rústica
itemnumber 207162
942 ## - ELEMENTOS DE ENTRADA SECUNDARIOS (KOHA)
Tipo de ítem Koha Libro impreso
Suprimir en OPAC No
Holdings
Estatus retirado Estado de pérdida Fuente del sistema de clasificación o colocación Estado de daño No para préstamo Biblioteca de origen Biblioteca actual Ubicación en estantería Fecha de adquisición Fuente de adquisición Total de préstamos Signatura topográfica completa Código de barras Visto por última vez Precio de reemplazo Tipo de ítem Koha
    Clasificación decimal universal     Biblioteca del Ateneo de Madrid Biblioteca del Ateneo de Madrid Depósito 1 01/03/2026 Donación   A-16060 2026-0155 26/03/2026 26/03/2026 Libro impreso